Special report (Record no. 81709)

MARC details
000 -LEADER
fixed length control field 00735cab a22001935a 4500
001 - CONTROL NUMBER
control field L148056
008 - FIXED-LENGTH DATA ELEMENTS--GENERAL INFORMATION
fixed length control field 090717e20090710xxko f 000 0 eng d
035 ## - SYSTEM CONTROL NUMBER
System control number (Sirsi) u148056
041 0# - LANGUAGE CODE
Language code of text/sound track or separate title eng
100 1# - MAIN ENTRY--PERSONAL NAME
Personal name Shepherd, Mark
245 00 - TITLE STATEMENT
Title Special report
Remainder of title healthcare
260 ## - PUBLICATION, DISTRIBUTION, ETC.
Date of publication, distribution, etc. 2009
490 #0 - SERIES STATEMENT
Series statement Property Week
Volume/sequential designation 75(28) 10 July 2009, 71-75(4)
520 ## - SUMMARY, ETC.
Summary, etc. Most hospital developments will be seriously affected by the proposed huge cuts in NHS funding from 2011. Developer, The Medicx Group, believes continuing demand for polyclinics will protect its £50m development pipeline from spending cuts.
590 ## - LOCAL NOTE (RLIN)
Local note KA
651 #4 - SUBJECT ADDED ENTRY--GEOGRAPHIC NAME
Geographic name England
Chronological subdivision 886-
690 ## - LOCAL SUBJECT ADDED ENTRY--TOPICAL TERM (OCLC, RLIN)
Topical term or geographic name as entry element PROPERTY-COMMERCIAL PROPERTY-COMMERCIAL PROPERTY MARKET
942 ## - ADDED ENTRY ELEMENTS (KOHA)
Suppress in OPAC 0
Holdings
Withdrawn status Lost status Source of classification or shelving scheme Damaged status Not for loan Home library Current library Shelving location Date acquired Total Checkouts Full call number Barcode Date last seen Copy number Price effective from Koha item type
    Dewey Decimal Classification     London London Journal article 17/07/2009   L148056 148056-1001 06/08/2019 1 06/08/2019 Journal article